000 00294nam a2200121Ia 4500
008 191201s2017 xx 000 0 und d
100 _aBOBROW, Leonard S
245 0 _aFoundation of Electrical Engineering
260 _bOxford
_c2017
300 _a880
650 _aB.Tech(ECE)
942 _2ddc
_cBK
999 _c6794
_d6794